000 01353nam a22002297a 4500
999 _c61359
_d61359
003 Ge_BSU
005 20240222173450.0
008 240222s2019 ge ||||| |||| 00| 0 geo d
020 _a9789941302817
041 _ageo
080 _a1 კ-83
100 _aკრეიგი, ედუარდ
_921275
245 _aფილოსოფია :
_bძალიან მოკლე შესავალი /
_cედუარდ კრეიგი; მთარგმნელი ანინა ტეფნაძე; სამეცნიერო რედაქტორი მაკა ლაშხია; რედაქტორი ანა ჭაბაშვილი; დიზაინერი ია მახათაძე.
264 _aთბილისი :
_bბაკურ სულაკაურის გამომცემლობა,
_c2019.
300 _a169 გვ.
_b ილ. ;
_c17 სმ.
501 _aსაძიებელი: გვ. 164-168.
653 _aფილოსოფია
700 _aლაშხია, მაკა
_eსამეცნიერო რედაქტორი.
_914216
700 _aჭაბაშვილი, ანა
_eრედაქტორი
_9995
700 _aმახათაძე, ია
_eდიზაინერი
_95299
942 _2udc
_cᲬᲘᲒᲜᲘ